Central Library OPAC University of Rajshahi

General, organic, and biochemistry / (Record no. 10898)

MARC details
000 -LEADER
fixed length control field 00816pam a2200277 a 4500
001 - CONTROL NUMBER
control field 10898
003 - CONTROL NUMBER IDENTIFIER
rucl marc code BD-RjUL
005 - DATE AND TIME OF LATEST TRANSACTION
control field 20211208235033.0
008 - FIXED-LENGTH DATA ELEMENTS--GENERAL INFORMATION
fixed length control field 140125s1983 maua 001 0 eng
020 ## - INTERNATIONAL STANDARD BOOK NUMBER
International Standard Book Number 0871507625
035 ## - SYSTEM CONTROL NUMBER
System control number (BD-RjUL)10947
040 ## - CATALOGING SOURCE
Original cataloging agency DLC
Transcribing agency DLC
Modifying agency DLC
-- BD-RjUL
Language of cataloging eng
041 ## - LANGUAGE CODE
Language code of text/sound track or separate title eng
082 00 - DEWEY DECIMAL CLASSIFICATION NUMBER
Classification number 540
Edition number 19
Author mark and year BRG 1983
100 1# - MAIN ENTRY--PERSONAL NAME
Personal name Brown, William Henry,
Dates associated with a name 1932-
9 (RLIN) 32099
245 10 - TITLE STATEMENT
Title General, organic, and biochemistry /
Statement of responsibility, etc. William H. Brown, Elizabeth P. Rogers.
250 ## - EDITION STATEMENT
Edition statement 2nd ed.
260 ## - PUBLICATION, DISTRIBUTION, ETC. (IMPRINT)
Place of publication, distribution, etc. Boston, Mass. :
Name of publisher, distributor, etc. W. Grant Press,
Date of publication, distribution, etc. c1983.
300 ## - PHYSICAL DESCRIPTION
Pagination xvi, 811, 34 p. :
Illustrations ill. (some col.) ;
Size 24 cm.
500 ## - GENERAL NOTE
General note Includes index.
650 #0 - SUBJECT ADDED ENTRY--TOPICAL TERM
Topical term or geographic name as entry element Chemistry.
9 (RLIN) 33684
700 1# - ADDED ENTRY--PERSONAL NAME
Personal name Rogers, Elizabeth P.
942 ## - ADDED ENTRY ELEMENTS (KOHA)
Source of classification or shelving scheme Dewey Decimal Classification
Koha item type Books
Holdings
Lost status Source of classification or shelving scheme Damaged status Not for loan Permanent Location Current Location Shelving location Date acquired Source of acquisition Cost, normal purchase price Total Checkouts Full call number Date last seen Copy number Koha item type Collection code
  Dewey Decimal Classification   Not For Loan Central Library, University of Rajshahi Central Library, University of Rajshahi Reading Room 26/12/1988 Asia Foundation 0.00   540 BRG 1983 25/01/2014 C-1 Books  
  Dewey Decimal Classification     Central Library, University of Rajshahi Central Library, University of Rajshahi   08/01/1990 Asia Foundation     540 BRG 1983 13/05/2017 C-2 Books Non-fiction